000 nam a22 a 4500
999 _c57371
_d57371
003 BLK
005 20221012123507.0
008 180408b bul|||||r ||||||| ||bul||
040 _aBLK
041 _aBUL
_cBUL
080 _aПсихология
_b159.9
_z159.9
080 _aСоциално поведение. Социална психология
_b316.6
_z316.6
100 1 _aПирьов, Генчо Димитров
_eпърви автор
_9364704
139 _aПирьов, Генчо Димитров
245 1 0 _aПсихологията в твоя живот
_bМоногр.
_cГенчо Д. Пирьов.
257 _aBGR
260 _aСофия
_bПартиздат
_c1976
300 _a301 с.
_c20 см
380 _a1
490 1 _aХоризонти - светът, науката, ние
500 _aБиблиогр. с. 289-294.
650 4 _aПсихология
_9168332
650 4 _aСоциална психология
_9243161
653 _aсоциална психология
852 _aЦб 79562
_bЦб
856 4 _qpdf
_i0.00
_ldisable
942 _cKNG
_n0
_s1
944 _aCR
_c13.06.2004
_kДиана_Димитрова
944 _aED
_c2022-10-12
_kСТ